Canciones populares bilbaínas

Saved in:
Bibliografiske detaljer
Hovedforfatter: Orúe Matia, Juan de (autor)
Format: Bog
Sprog:spansk
Udgivet: Madrid A. Carmona 1984
Udgivelse:4a. ed
Serier:Folklore Musical Español
Fag:
Tags: Tilføj Tag
Ingen Tags, Vær først til at tagge denne postø!

MARC

LEADER 00000nam a2200000 a 4500
001 UCK7192
003 CL-VaPUC
008 051111e19840000SP |||||||||||||||||spa|d
020 |a 8439823738 
082 0 4 |a 781.6261  |b ORU  |2 21 
100 |a Orúe Matia, Juan de  |e autor  |9 496642 
245 1 0 |a Canciones populares bilbaínas 
250 |a 4a. ed 
300 |a 124 p 
942 |c BK 
945 |d 20051111 00:00:00  |a cmena 
260 |a Madrid  |b A. Carmona  |c 1984 
650 7 |a CANCIONES  |2 CL-VaPUC  |9 496643 
650 0 |a Música popular  |9 356085 
650 0 |a Música folklórica  |9 306412 
650 0 |a Partituras  |9 324008 
650 0 |a Música española  |9 306755 
651 7 |a BILBAO  |2 CL-VaPUC  |9 399507 
651 0 |a España  |9 254926 
583 |a last modification  |c 20051111 00:00:00  |k Rodrigo Vera 
490 0 |a Folklore Musical Español 
999 |c 315232  |d 315230 
952 |0 0  |1 0  |4 0  |6 781_626100000000000_ORU_1984  |7 0  |8 A  |9 388220  |a BIBEDU  |b BIBEDU  |d 2019-11-22  |i 4163303  |o 781.6261 ORU 1984  |p 4163303  |r 2023-01-12  |w 2019-11-22  |y BK  |k MUS